Assessment of CTACK in sera of psoriatic ptients undergoing PUVA or methotrexate therapy / (رقم التسجيلة. 29717)

تفاصيل مارك
000 -LEADER
fixed length control field 01931cam a2200361 a 4500
003 - CONTROL NUMBER IDENTIFIER
control field EG-GiCUC
005 - DATE AND TIME OF LATEST TRANSACTION
control field 20250223030212.0
008 - FIXED-LENGTH DATA ELEMENTS--GENERAL INFORMATION
fixed length control field 100313s2009 ua dh f m 000 0 eng d
040 ## - CATALOGING SOURCE
Original cataloging agency EG-GiCUC
Language of cataloging eng
Transcribing agency EG-GiCUC
041 0# - LANGUAGE CODE
Language code of text/sound track or separate title eng
049 ## - LOCAL HOLDINGS (OCLC)
Holding library Deposite
097 ## - Thesis Degree
Thesis Level Ph.D
099 ## - LOCAL FREE-TEXT CALL NUMBER (OCLC)
Classification number Cai01.11.10.Ph.D.2009.Ab.A
100 0# - MAIN ENTRY--PERSONAL NAME
Personal name Abeer Abdelhalim Abdelhamid
245 10 - TITLE STATEMENT
Title Assessment of CTACK in sera of psoriatic ptients undergoing PUVA or methotrexate therapy /
Statement of responsibility, etc. Abeer Abdelhalim Abdelhamid ; Supervised Amr Ezz Eldin Sharaf , Somaya Mohamed Elgawhaey , Shereen Osama Mohamed Tawfik
246 15 - VARYING FORM OF TITLE
Title proper/short title تقييم المحرك الكيميائى (سى تاك) فى مصل مرضى الصدفية الخاضعين للعلاج الضوئى او عقار الميثوتركسات
260 ## - PUBLICATION, DISTRIBUTION, ETC.
Place of publication, distribution, etc. Cairo :
Name of publisher, distributor, etc. Abeer Abdelhalim Abdelhamid ,
Date of publication, distribution, etc. 2009
300 ## - PHYSICAL DESCRIPTION
Extent 171 P. :
Other physical details charts , facsimiles ;
Dimensions 25cm
502 ## - DISSERTATION NOTE
Dissertation note Thesis (Ph.D.) - Cairo University - Faculty of Medicine - Department of Dermatology and Venerology
520 ## - SUMMARY, ETC.
Summary, etc. Background : The cutaneous T cell attacting chemokine (CTACK / CCL27) is a pivotal chemokine in mediating lymphocyte migration into the skin through the binding to the chemokine receptor CCR10. The infiltration of skin by T cell appears to be crucial for the initiation and maintenance of inflammatory and autoimmune skin diseases such as psoriasis . The aim of this study was to investigate the role of CTACK in T cell homing in psoriasis . Which is a T cell mediated disease
530 ## - ADDITIONAL PHYSICAL FORM AVAILABLE NOTE
Additional physical form available note Issued also as CD
653 #4 - INDEX TERM--UNCONTROLLED
Uncontrolled term CTACK
653 #4 - INDEX TERM--UNCONTROLLED
Uncontrolled term Methotrexate
653 #4 - INDEX TERM--UNCONTROLLED
Uncontrolled term PUVA
700 0# - ADDED ENTRY--PERSONAL NAME
Personal name Amr Ezz Eldin Sharaf ,
Relator term
700 0# - ADDED ENTRY--PERSONAL NAME
Personal name Shereen Osama Mohamed Tawfik ,
Relator term
700 0# - ADDED ENTRY--PERSONAL NAME
Personal name Somaya Mohamed Elgawhaey ,
Relator term
856 ## - ELECTRONIC LOCATION AND ACCESS
Uniform Resource Identifier <a href="http://172.23.153.220/th.pdf">http://172.23.153.220/th.pdf</a>
902 ## - LOCAL DATA ELEMENT B, LDB (RLIN)
No. of Items 1
905 ## - LOCAL DATA ELEMENT E, LDE (RLIN)
Cataloger Nazla
Reviser Revisor
905 ## - LOCAL DATA ELEMENT E, LDE (RLIN)
Cataloger Soheir
Reviser Cataloger
942 ## - ADDED ENTRY ELEMENTS (KOHA)
Source of classification or shelving scheme Dewey Decimal Classification
Koha item type Thesis
المقتنيات
Source of classification or shelving scheme Not for loan Home library Current library Date acquired Full call number Barcode Date last seen Koha item type Copy number
Dewey Decimal Classification   المكتبة المركزبة الجديدة - جامعة القاهرة قاعة الرسائل الجامعية - الدور الاول 11.02.2024 Cai01.11.10.Ph.D.2009.Ab.A 01010110052835000 22.09.2023 Thesis  
Dewey Decimal Classification   المكتبة المركزبة الجديدة - جامعة القاهرة مخـــزن الرســائل الجـــامعية - البدروم 11.02.2024 Cai01.11.10.Ph.D.2009.Ab.A 01020110052835000 22.09.2023 CD - Rom 52835.CD
Cairo University Libraries Portal Implemented & Customized by: Eng. M. Mohamady Contacts: new-lib@cl.cu.edu.eg | cnul@cl.cu.edu.eg
CUCL logo CNUL logo
© All rights reserved — Cairo University Libraries
CUCL logo
Implemented & Customized by: Eng. M. Mohamady Contact: new-lib@cl.cu.edu.eg © All rights reserved — New Central Library
CNUL logo
Implemented & Customized by: Eng. M. Mohamady Contact: cnul@cl.cu.edu.eg © All rights reserved — Cairo National University Library